Music Quiz

Random Music or Album Quiz

'Weird Al' Yankovic Albums Quiz Stats

 Plays Quiz Updated Mar 17, 2020

     
Support Sporcle.
Go Orange.
Score 0/14 Timer 06:00
0 Plays Today
Year Album % Correct
1999Running With Scissors
77.4%
2014Mandatory Fun
66.5%
2003Poodle Hat
64.7%
1996Bad Hair Day
64.7%
2006Straight Outta Lynwood
58.3%
1983'Weird Al' Yankovic
55.4%
1985Dare to be Stupid
51.7%
Year Album % Correct
1988Even Worse
49.9%
1993Alapalooza
49.2%
1989UHF - The Original Motion Picture Soundtrack and Other Stuff
48.8%
1984'Weird Al' Yankovic In 3-D
46.4%
1992Off the Deep End
44.6%
1986Polka Party
43.1%
2011Alpocalypse
29.1%

From the Vault

German: Days

by Derek

Despite our lobbying, the German language will not let us us replace any of these with geschirrsp├╝lmaschine.
Remove Ads.
Support Sporcle.
Get the best of Sporcle when you Go Orange. This ad-free experience offers more features, more stats, and more fun while also helping to support Sporcle. Thank you for becoming a member.

Show Comments

Extras

Top Quizzes Today


Score Distribution

Your Account Isn't Verified!

In order to create a playlist on Sporcle, you need to verify the email address you used during registration. Go to your Sporcle Settings to finish the process.

Report this User

Report this user for behavior that violates our Community Guidelines.

Details: